000 01245nab a22002297a 4500
999 _c6341
_d6341
003 OSt
005 20260130215735.0
008 190603e xxum|||| |||| 00| 0 spa d
040 _cPJ
100 _92087
_aUrbaneja, Marcelo Eduardo
245 1 3 _aLa interversión de la relación de poder y la interrupción de la prescripción adquisitiva /
_cMarcelo E. Urbaneja.
260 _cCiudad Autónoma de Buenos Aires :
_aThomson Reuters La Ley,
_b2025.
300 _ap. 236-240
500 _aCita: TR LALEY AR/DOC/2266/2025 Publicado en: RCCyC 2025 (Octubre).
505 _aSumario: I. Los antecedentes y las sentencias.— II. La "interversión".— III. Su aplicación al caso.— IV. La interrupción de la prescripción adquisitiva.
505 _aFallo comentado: CNCiv., sala I ~ 19/06/2025 ~ Font, Silvia Nora c. Mendenson, Pablo Javier y otro s/ prescripción adquisitiva.
505 _t¿Te interesa el texto completo? Solicitalo al correo: koha@justierradelfuego.gov.ar
650 0 _91497
_aCODIGO CIVIL Y COMERCIAL
650 0 _92324
_aPRESCRIPCIÓN ADQUISITIVA
773 0 _02713
_93170
_dCiudad Autónoma de Buenos Aires : Thomson Reuters La Ley, 2015-
_tRevista Código Civil y Comercial. Nº 5 - Octubre 2025
942 _2udc
_cANA